000 00595nam a22002057a 4500
003 BPGM
008 260704e2013 mx aacga |||| 00| 0 spa d
040 _bspa
_cesp
082 0 4 _aI / 813.6 /
_bW374v
100 _aWEBER, LOUIS
110 _aPUBLICATIONS INTERNATIONAL, LTD.
245 _aLA CASA DE MICKEY MOUSE
_bVAMOS A BAILAR:
260 _aESTADOS UNIDOS :
_c2013
300 _a4 páginas ;
_b15.3 cm X 17.4 cm
336 _2rdacontent
_atexto
_btxt
337 _2rdamedia
_asin mediación
_bn
338 _2rdacarrier
_avolumen
_bnc
700 _aTAWA, RENEE
_eESCRITOR
942 _2ddc
_cBKN
999 _c68761
_d68761